| 000 | 01016cam a22002174a 4500 | ||
|---|---|---|---|
| 005 | 20250605164231.0 | ||
| 008 | 250528s ||||||||||||||||||||||||d | ||
| 035 | _a20957 | ||
| 020 | _a9780750681100 | ||
| 040 |
_aGR-AtMCL _bgre _dGR-AtMCL _eAACR2 |
||
| 245 | 1 | _aPlanning Research in Hospitality and Tourism | |
| 250 | _a1st | ||
| 260 |
_bElsevier, _c2008 |
||
| 300 | _a252 | ||
| 520 | _aThis book offers straightforward guidance on planning a research project in a hospitality and tourism specific context. Preface, Acknowledgements, Getting Started, Developing Academic Reading Skills, Developing Literature Review Skills, Research Philosophies and Approaches and Strategies, Sampling, Data Collection Techniques, Writing Your Research Proposal, Conducting the Fieldwork, Analysis of Qualitative Data, Analysis of Quantitative Data, Writing Up the Dissertation, Index. | ||
| 700 | 1 |
_aAltinay Levent _96949 |
|
| 700 | 1 |
_aParaskevas Alexandros _96950 |
|
| 942 | _cBK | ||
| 999 |
_c6034 _d6034 |
||